| 000 | 01401naa a22003377a 4500 | ||
|---|---|---|---|
| 001 | BR8205290 | ||
| 003 | BR-BrBNA | ||
| 005 | 20240918175152.0 | ||
| 007 | ta | ||
| 008 | 230509b bl.||||| |||| 00| 0 por d | ||
| 040 |
_aBR-BrBNA _bpor _cBiblioteca Nacional de Agricultura |
||
| 041 | _a(Pt) | ||
| 072 |
_aF00; F27 _b0180 _b0336 _b0140 _bG514 |
||
| 090 | _aF00 BR8205290 | ||
| 100 | 1 | _aCanal, I.N. | |
| 100 | 1 | _aAbrao, J.J.R. | |
| 245 | 1 | _aMetodos de preparo do solo na presenca e ausencia de resteva [trigo, soja, aveia, cultivo do solo, Rio Grande do Sul, Brasil] | |
| 260 | 3 |
_aCruz Alta, RS (Brasil): _c1982. |
|
| 500 | _aResultados de pesquisa com trigo, triticale e aveia obtidos pelo Centro de Experimentacao e Pesquisa da Federacao das Cooperativas de Trigo e Soja do Rio Grande do Sul Ltda. em 1982 Cruz Alta, RS (Brasil): 1982. p. 63-64 (BR8205290-AM)F00 | ||
| 650 | _aCULTIVO DO SOLO | ||
| 650 | _aTRIGO | ||
| 650 | _aSOJA | ||
| 650 | _aAVEIA | ||
| 650 | _aRESTEVA | ||
| 650 | _aPLANTIO DIRETO | ||
| 650 | _aRENDIMENTO | ||
| 650 | _aRIO GRANDE DO SUL | ||
| 773 | 0 |
_tResultados de pesquisa com trigo, triticale e aveia obtidos pelo Centro de Experimentacao e Pesquisa da Federacao das Cooperativas de Trigo e Soja do Rio Grande do Sul Ltda. em 1982 _wF00 BR8205290 _gCruz Alta, RS (Brasil), 1982. p. 63-64 |
|
| 909 |
_a202404 _bLucia _c55 _dLucia Elande |
||
| 942 |
_cAM _2AGRIS |
||
| 999 |
_c315370 _d315370 |
||